书目信息 |
| 题名: |
基于数字孪生的医院建筑智慧运维技术与系统
|
|
| 作者: | 余芳强 , 许璟琳 , 高尚 , 宋天任 , 彭阳 著 | |
| 分册: | ||
| 出版信息: | 北京 中国建筑工业出版社 2025.01 |
|
| 页数: | XVI, 231页 | |
| 开本: | 26cm | |
| 丛书名: | ||
| 单 册: | ||
| 中图分类: | TU246.1 | |
| 科图分类: | ||
| 主题词: | 医院--yi yuan--智能化建筑--建筑设计--运行 , 医院--yi yuan--智能化建筑--建筑设计--维修 | |
| 电子资源: | ||
| ISBN: | 978-7-112-30401-1 | |
| 000 | 01979nam0 2200325 450 | |
| 001 | 92634 | |
| 005 | 20250818103500.80 | |
| 010 | @a978-7-112-30401-1@dCNY90.00 | |
| 100 | @a20250618d2025 em y0chiy50 ea | |
| 101 | 0 | @achi |
| 102 | @aCN@b110000 | |
| 105 | @aa a 000yy | |
| 106 | @ar | |
| 200 | 1 | @a基于数字孪生的医院建筑智慧运维技术与系统@Aji yu shu zi luan sheng de yi yuan jian zhu zhi hui yun wei ji shu yu xi tong@f余芳强 ... [等] 著 |
| 210 | @a北京@c中国建筑工业出版社@d2025.01 | |
| 215 | @aXVI, 231页@c图@d26cm | |
| 304 | @a题名页题其余责任者: 许璟琳, 高尚, 宋天任, 彭阳 | |
| 314 | @a余芳强, 清华大学博士, 正高级工程师, 获得清华大学土木工程和计算机应用本科双学位, 主要研究方向是数字建造和智慧运维。曾负责上海市新华医院、上海东方医院等工程的数字建造和智慧运维工作, 自主研发基于数字孪生的公共建筑智慧运维系统等软件。主持国家科技部课题1项, 省部级课题10余项, 发表论文50余篇, 申请发明专利60多项, 授权发明专利21项, 获得上海市科技进步奖4项。获得2022年上海市优秀技术带头人、2022年上海市科协青年英才、2018年上海市青年拔尖人才等荣誉, 受聘为中国建筑学会工程诊治与运维分会常务理事、中国图学学会BIM专委会委员等。 | |
| 320 | @a有书目 (第228-231页) | |
| 330 | @a本书共分为10章, 包括关键技术、系统建设和应用案例等内容。第1章是医院建筑智慧运维概述 ; 第2章主要介绍建筑数字李生模型构建方法 ; 第3章主要介绍建筑设施设备智慧运维技术 ; 第4章主要介绍医院建筑运行智慧节能技术 ; 第5章主要介绍医院建筑空间智慧运维技术 ; 第6章主要介绍医院智慧安防与应急管理技术 ; 第7章主要介绍医院建筑智慧运维系统应用策划 ; 第8章介绍医院建筑智慧运维系统建设 ; 第9章为应用案例 ; 第10章是展望。 | |
| 606 | 0 | @a医院@Ayi yuan@x智能化建筑@x建筑设计@x运行 |
| 606 | 0 | @a医院@Ayi yuan@x智能化建筑@x建筑设计@x维修 |
| 690 | @aTU246.1@v5 | |
| 701 | 0 | @a余芳强@Ayu fang qiang@4著 |
| 701 | 0 | @a许璟琳@Axu jing lin@4著 |
| 701 | 0 | @a高尚@Agao shang@4著 |
| 701 | 0 | @a宋天任@Asong tian ren@4著 |
| 701 | 0 | @a彭阳@Apeng yang@4著 |
| 801 | 0 | @aCN@c20250909 |
| 905 | @a河南城建学院图书馆@dTU246.1@eY750@f1 | |
| 基于数字孪生的医院建筑智慧运维技术与系统/余芳强 ... [等] 著.-北京:中国建筑工业出版社,2025.01 |
| XVI, 231页:图;26cm |
| ISBN 978-7-112-30401-1:CNY90.00 |
| 本书共分为10章, 包括关键技术、系统建设和应用案例等内容。第1章是医院建筑智慧运维概述 ; 第2章主要介绍建筑数字李生模型构建方法 ; 第3章主要介绍建筑设施设备智慧运维技术 ; 第4章主要介绍医院建筑运行智慧节能技术 ; 第5章主要介绍医院建筑空间智慧运维技术 ; 第6章主要介绍医院智慧安防与应急管理技术 ; 第7章主要介绍医院建筑智慧运维系统应用策划 ; 第8章介绍医院建筑智慧运维系统建设 ; 第9章为应用案例 ; 第10章是展望。 |
| ● |
| 相关链接 |
|
|
|
正题名:基于数字孪生的医院建筑智慧运维技术与系统
索取号:TU246.1/Y750
 
预约/预借
| 序号 | 登录号 | 条形码 | 馆藏地/架位号 | 状态 | 备注 |
| 1 | 1626598 | 216265985 | 建筑库101/101建筑库 105排3列1层/ [索取号:TU246.1/Y750] | 在馆 |